000 01134nam0a2200337 4500
001 RU\NLR\BIBL_A\022550757
005 20260420044931.0
010 _a978-5-17-173754-2
_97000
021 _aRU
_bКН-П-25-019871
_9КН-П-25-2009
035 _a(NLR Aleph) 022550757
090 _a13673370
_c13673370
100 _a20250526d2025 u y0rusy50 ca
101 0 _arus
102 _aRU
105 _aa z 000ay
181 0 _ai
_baxxe
182 0 _an
200 1 _aКостяной лес
_fКамрин Харди
_gиллюстрации Lanawaay
203 _aТекст
_bвизуальный
_cнепосредственный
210 _aМосква
_cАСТ
_d2025
215 _a317, [2] с.
_cил.
_d21
225 1 _aКнижный клуб Мирай
333 _a18+
686 2 _aШ6(2=Р)8-445
700 0 _7ca
_8rus
_aКамрин Харди
_cпсевдоним
_9268935
_3RU\NLR\AUTH\770268991
702 0 _4440
_7ba
_8und
_aLanawaay
_cпсевдоним
_9259607
_3RU\NLR\AUTH\770259663
942 _cBOOK
980 _aNB